000 00880nam a2200253Ia 4500
003 OSt
005 20220918183533.0
006 a|||||r|||| 00| 0
007 ta
008 220917b |||||||| |||| 00| 0 eng d
024 _a38,734
037 _cTextual
040 _aARTS
_cARTS
_beng
041 _2eng
_aeng
082 _aO15a494,12N70<-M57, L4 (BB)
110 _aInter-University Board Of India (New Delhi)
_956688
245 0 _aAssamese, Bengali, Gujarati, Marathi, Oriya, Punjabi
_b bibliography of doctoral dissertations accepted by Indian Universities 1857-1970
260 _aNew Delhi
_bInter-University Board Of India
_c1974
300 _axii,58p.
_ccm.
650 _aENGLISH LITERATURE
700 _aInter-University Board Of India (New Delhi)
_956689
942 _hO15a494,12N70<-M57, L4 (BB)
_cTEXL
_2CC
999 _c173005
_d173005